Códices indígenas de algunos pueblos del marquesado del Valle de Oxaca publicdos por el Archivo General de la Nación para el primer Congreso Mexicano de Historia. (Record no. 45017)

MARC details
000 -LEADER
campo de control de longitud fija 00519nam a2200145 i 4500
001 - NÚMERO DE CONTROL
campo de control 45017
003 - IDENTIFICADOR DE NÚMERO DE CONTROL
campo de control ES-MaACL
005 - FECHA Y HORA DE LA ÚLTIMA TRANSACCIÓN
campo de control 20230906161133.0
007 - CAMPO FIJO DE DESCRIPCIÓN FÍSICA--INFORMACIÓN GENERAL
campo de control de longitud fija t|
008 - DATOS DE LONGITUD FIJA--INFORMACIÓN GENERAL
campo de control de longitud fija 030324s1933 mx ||||1| spa d
245 00 - MENCIÓN DEL TÍTULO
Título Códices indígenas de algunos pueblos del marquesado del Valle de Oxaca publicdos por el Archivo General de la Nación para el primer Congreso Mexicano de Historia.
260 ## - PUBLICACIÓN, DISTRIBUCIÓN, ETC.
Lugar de publicación, distribución, etc. México :
Nombre del editor, distribuidor, etc. [s.n.],
Fecha de publicación, distribución, etc. 1933 (
Fabricante Talleres Gráficos de la Nación)
300 ## - DESCRIPCIÓN FÍSICA
Extensión 82 p. ;
Dimensiones 35 cm.
852 ## - LOCALIZACIÓN
Ubicación ES-MaACL
Número de control de estantería A-3232
Holdings
Estatus retirado Estado de pérdida Estado de daño No para préstamo Biblioteca de origen Biblioteca actual Ubicación en estantería Fecha de adquisición Fuente de adquisición Total de préstamos Signatura topográfica completa Código de barras Visto por última vez Precio de reemplazo Tipo de ítem Koha
        Biblioteca del Ateneo de Madrid Biblioteca del Ateneo de Madrid Sala Pecera Planta 1 17/01/2008     A-3232 1047377 23/02/2023 23/02/2023 Libro impreso